=LDR 00000nam 2200000 4500 =001 INLIS000000000006926 =005 20130612095015 =008 ***********************************Ind** =035 ##$$0010-061300000006926 =041 ##$$a Ind =082 ##$$a 808.02 =090 ##$$a 808.02, Bud m =100 ##$$a Budianta, Eka =245 ##$$a Menggebrak dunia mengarang, Eka Budianta =260 ##$$a 1992 $b Jakarta =300 ##$$a iv, 74 hlm., 18 cm =650 ##$$a Mengarang